01012nam a22001337a 450000500170000002000180001708200150003510000210005024500620007126000420013330000180017552006690019365000160086220260701154905.0 a9781544533100 a320.954CHR aParasher, Tejas. aC.O.U.R.A.G.Eb7 Choices for Living a Life Without Regret aNashvillebLioncrest Publishingc2025 a262P. b22 cm aIn C.O.U.R.A.G.E., Christopher O. H. Williams reveals how to harness innate courage in everyday life to make a lasting impact and live authentically, without regret. A transformation consultant and senior leader at some of the world’s most influential companies, Christopher distills his experience, observations, and research into seven essential choices that build a courageous life, offering practical wisdom anyone can apply. Courage is your antidote to stagnation. Utilize it to unlock your dormant superpower, break out of your routine, and transform your daily existence in this must-read guide for making a powerful—and authentic—impact on the world. aLeadership.